World: Capitals and Countries (Expert) - Statistics

General Stats
  • This quiz has been taken 1,986 times
  • The average score is 273 of 396
Answers on the Map
Answers color-coded by a green-red scale on the quiz's map according to % correct below.
 
Answer Stats
Answer % Correct
Mexico
90%
Washington D.C.
90%
Ottawa
89%
Canada
88%
United States
88%
Russia
87%
Brazil
85%
Mexico City
85%
Moscow
85%
Panama
85%
Havana
84%
Chile
83%
Colombia
83%
Cuba
83%
Lima
83%
Peru
83%
Santiago de Chile
83%
Argentina
82%
Bahamas
82%
Belize
82%
Brasilia
82%
Ecuador
82%
El Salvador
82%
Ireland
82%
Bogotá
81%
France
81%
Iceland
81%
London
81%
Oslo
81%
Paris
81%
Venezuela
81%
Bolivia
80%
Buenos Aires
80%
Copenhagen
80%
Denmark
80%
Dublin
80%
Finland
80%
Lisbon
80%
Madrid
80%
Norway
80%
Paraguay
80%
United Kingdom
80%
Guatemala
79%
Guyana
79%
Haiti
79%
Honduras
79%
Mongolia
79%
Nicaragua
79%
Portugal
79%
Spain
79%
Sweden
79%
Uruguay
79%
Andorra
78%
Australia
78%
China
78%
Germany
78%
Helsinki
78%
Jamaica
78%
Japan
78%
Nassau
78%
Panama City
78%
Poland
78%
Quito
78%
Reykjavík
78%
Stockholm
78%
Suriname
78%
Algeria
77%
Berlin
77%
India
77%
Morocco
77%
San Marino
77%
Tunis
77%
Warsaw
77%
Caracas
76%
Costa Rica
76%
Egypt
76%
Libya
76%
Malta
76%
Montevideo
76%
North Korea
76%
Port-au-Prince
76%
Romania
76%
Tokyo
76%
Tunisia
76%
Vatican City
76%
Amsterdam
75%
Brussels
75%
Bulgaria
75%
Cairo
75%
Dominica
75%
Dominican Republic
75%
Greece
75%
Italy
75%
La Paz
75%
Luxembourg
75%
Mali
75%
Monaco
75%
Pakistan
75%
San Salvador
75%
Seoul
75%
South Korea
75%
Thailand
75%
Turkey
75%
Ukraine
75%
Ulaanbaatar
75%
Algiers
74%
Athens
74%
Austria
74%
Belarus
74%
Bucharest
74%
Canberra
74%
Ethiopia
74%
Hungary
74%
Indonesia
74%
Kyiv
74%
Latvia
74%
Lithuania
74%
Myanmar
74%
New Zealand
74%
Rome
74%
Sofia
74%
Sudan
74%
Vienna
74%
Andorra la Vella
73%
Bangkok
73%
Beijing
73%
Bern
73%
Estonia
73%
Israel
73%
Kazakhstan
73%
Kingston
73%
Laos
73%
Madagascar
73%
Malaysia
73%
Netherlands
73%
Niger
73%
Switzerland
73%
Afghanistan
72%
Angola
72%
Asunción
72%
Belgium
72%
Budapest
72%
Cambodia
72%
Chad
72%
Czech Republic
72%
Guatemala City
72%
Iran
72%
Iraq
72%
Jerusalem
72%
Kosovo
72%
Maldives
72%
Nepal
72%
New Delhi
72%
Nigeria
72%
Oman
72%
Pyongyang
72%
Santo Domingo
72%
Saudi Arabia
72%
Serbia
72%
Slovakia
72%
Slovenia
72%
Somalia
72%
South Africa
72%
Vietnam
72%
Yemen
72%
Ankara
71%
Barbados
71%
Cyprus
71%
Jordan
71%
Kuwait
71%
Manila
71%
Philippines
71%
Prague
71%
Riga
71%
Saint Lucia
71%
San José
71%
Seychelles
71%
South Sudan
71%
Turkmenistan
71%
Uzbekistan
71%
Wellington
71%
Zagreb
71%
Azerbaijan
70%
Mauritania
70%
Montenegro
70%
Papua New Guinea
70%
Rabat
70%
Sri Lanka
70%
Taiwan
70%
Tehran
70%
Trinidad and Tobago
70%
Albania
69%
Bhutan
69%
Croatia
69%
Fiji
69%
Georgetown
69%
Guinea
69%
Islamabad
69%
Jakarta
69%
Kabul
69%
Minsk
69%
Namibia
69%
Nur-Sultan
69%
Senegal
69%
Singapore
69%
Tirana
69%
Vaduz
69%
Vilnius
69%
Abu Dhabi
68%
Armenia
68%
Baghdad
68%
Bangladesh
68%
Botswana
68%
Brunei
68%
Cape Verde
68%
Djibouti
68%
Doha
68%
East Timor
68%
Eritrea
68%
Georgia
68%
Ghana
68%
Hanoi
68%
Ivory Coast
68%
Kuala Lumpur
68%
Liechtenstein
68%
Marshall Islands
68%
Mauritius
68%
Moldova
68%
North Macedonia
68%
Paramaribo
68%
Port of Spain
68%
Saint Kitts and Nevis
68%
Solomon Islands
68%
Sucre
68%
Syria
68%
Taipei
68%
Tajikistan
68%
Tanzania
68%
Valletta
68%
Baku
67%
Belgrade
67%
Cape Town
67%
Chișinău
67%
Dhaka
67%
Gabon
67%
Grenada
67%
Malawi
67%
Qatar
67%
Riyadh
67%
Sarajevo
67%
Togo
67%
Tripoli
67%
Addis Ababa
66%
Antigua and Barbuda
66%
Benin
66%
Burkina Faso
66%
Guinea-Bissau
66%
Kathmandu
66%
Kenya
66%
Kiribati
66%
Kyrgyzstan
66%
Ljubljana
66%
Palau
66%
Tallinn
66%
Yerevan
66%
Amman
65%
Bahrain
65%
Belmopan
65%
Bratislava
65%
Comoros
65%
Damascus
65%
Gambia
65%
Kuwait City
65%
Lebanon
65%
Lesotho
65%
Liberia
65%
Malé
65%
Mozambique
65%
Nairobi
65%
Nauru
65%
Nicosia
65%
Pristina
65%
Rwanda
65%
Samoa
65%
Sierra Leone
65%
Tonga
65%
Tuvalu
65%
United Arab Emirates
65%
Vanuatu
65%
Zambia
65%
Zimbabwe
65%
Abuja
64%
Antananarivo
64%
Cameroon
64%
Central African Republic
64%
Dakar
64%
Muscat
64%
Skopje
64%
Tbilisi
64%
Beirut
63%
Bishkek
63%
Bosnia and Herzegovina
63%
Dili
63%
Eswatini
63%
Managua
63%
Phnom Penh
63%
Podgorica
63%
Suva
63%
Tashkent
63%
Uganda
63%
Victoria
63%
Accra
62%
Ashgabat
62%
Burundi
62%
Dushanbe
62%
Manama
62%
Port Moresby
62%
Saint John's
62%
São Tomé
62%
Tegucigalpa
62%
Vientiane
62%
Windhoek
62%
Luanda
61%
Bridgetown
60%
Khartoum
60%
Kinshasa
60%
Mogadishu
60%
Saint George's
60%
Asmara
59%
Kigali
59%
Praia
59%
Pretoria
59%
Roseau
59%
Sana'a
59%
Bissau
58%
Conakry
58%
Equatorial Guinea
58%
Kingstown
58%
Saint Vincent and the Grenadines
58%
Thimphu
58%
Democratic Republic of the Congo
57%
N'Djamena
57%
Port Louis
57%
Porto-Novo
57%
Apia
56%
Basseterre
56%
Castries
56%
Dodoma
56%
Brazzaville
55%
Harare
55%
Kampala
55%
Lomé
55%
Monrovia
55%
Niamey
55%
Freetown
54%
Juba
54%
Libreville
54%
Lusaka
54%
Port Vila
54%
the Federated States of Micronesia
54%
Bamako
53%
Funafuti
53%
Gaborone
53%
Ouagadougou
53%
Lilongwe
52%
Maputo
52%
Moroni
52%
Naypyidaw
52%
Yaren
52%
Bangui
51%
Banjul
51%
Gitega
51%
Honiara
51%
Ngerulmud
50%
Bloemfontein
49%
Nouakchott
49%
Palikir
49%
Republic of the Congo
49%
Bandar Seri Begawan
48%
Majuro
48%
Nuku'alofa
48%
South Tarawa
48%
Yaoundé
48%
Maseru
47%
Malabo
46%
Mbabane
46%
Yamoussoukro
46%
Sri Jayawardenepura Kotte
45%
São Tomé and Principe
44%
Cotonou
42%
No matching quizzes found
Score Distribution
Percent of People with Each Score
Percentile by Number Answered
Your Score History
You have not taken this quiz